Financial Globalization and Democracy in Emerging Markets (Record no. 5997)

MARC details
000 -LEADER
fixed length control field 00797pam a2200265 a 4500
001 - CONTROL NUMBER
control field 4508222
003 - CONTROL NUMBER IDENTIFIER
control field OSt
005 - DATE AND TIME OF LATEST TRANSACTION
control field 20180423180226.0
008 - FIXED-LENGTH DATA ELEMENTS--GENERAL INFORMATION
fixed length control field 980804s1999 nyua b 001 0 eng
010 ## - LIBRARY OF CONGRESS CONTROL NUMBER
LC control number 98040013
020 ## - INTERNATIONAL STANDARD BOOK NUMBER
International Standard Book Number 0333930673
040 ## - CATALOGING SOURCE
Original cataloging agency DLC
Transcribing agency DLC
Modifying agency DLC
043 ## - GEOGRAPHIC AREA CODE
Geographic area code d------
082 00 - DEWEY DECIMAL CLASSIFICATION NUMBER
Classification number 332.673
Edition number 21
Item number FIN 2001
100 ## - MAIN ENTRY--PERSONAL NAME
Personal name Edited by Elliott, Armijo Leslie
9 (RLIN) 12623
245 00 - TITLE STATEMENT
Title Financial Globalization and Democracy in Emerging Markets
260 ## - PUBLICATION, DISTRIBUTION, ETC. (IMPRINT)
Place of publication, distribution, etc. New York;
Name of publisher, distributor, etc. Palgrave,
Date of publication, distribution, etc. 2001.
300 ## - PHYSICAL DESCRIPTION
Extent xvi, 348 p. :
Other physical details ill. ;
Dimensions 23 cm.
504 ## - BIBLIOGRAPHY, ETC. NOTE
Bibliography, etc Includes bibliographical references and index.
650 #0 - SUBJECT ADDED ENTRY--TOPICAL TERM
Topical term or geographic name as entry element Economic development
9 (RLIN) 12445
650 #0 - SUBJECT ADDED ENTRY--TOPICAL TERM
Topical term or geographic name as entry element Democracy
9 (RLIN) 12446
650 #0 - SUBJECT ADDED ENTRY--TOPICAL TERM
Topical term or geographic name as entry element Markets
9 (RLIN) 12624
906 ## - LOCAL DATA ELEMENT F, LDF (RLIN)
a 7
b cbc
c orignew
d 1
e ocip
f 19
g y-gencatlg
942 ## - ADDED ENTRY ELEMENTS (KOHA)
Source of classification or shelving scheme Dewey Decimal Classification
Koha item type Open Shelf
Holdings
Withdrawn status Lost status Source of classification or shelving scheme Damaged status Not for loan Home library Current library Date acquired Source of acquisition Inventory number Total Checkouts Full call number Barcode Date last seen Koha item type
    Dewey Decimal Classification     MUST Main Library MUST Main Library 12/02/2018   03/19362   332.673 FIN 2001 2018-0091 12/02/2018 Open Shelf